| 000 | 00798cab a22002055a 4500 | ||
|---|---|---|---|
| 001 | L153820 | ||
| 008 | 110907e20110903xxk 000 0 eng d | ||
| 035 | _a(Sirsi) u153820 | ||
| 041 | 0 | _aeng | |
| 100 | 1 | _aMckenna, Ian | |
| 245 | 0 | 0 | _aSeeing the light |
| 260 | _c2011 | ||
| 490 |
_aEstates Gazette _v(1135) 3 September 2011, 102-103(2) |
||
| 520 | _aDiscusses the balance of recognising the social, economic, environmental and commercial benefits of development and the protection of individual private rights such as the right to light. Reference to recent rights to light case law. | ||
| 590 | _aKA | ||
| 650 | 2 | 4 | _aHXRUK II (CHC) LTD V HEANEY |
| 651 | 4 |
_aUnited Kingdom _y |
|
| 690 | _aPROPERTY-PROPERTY MANAGEMENT-EASEMENTS-RIGHTS TO LIGHT DETERMINATION-RIGHTS TO LIGHT | ||
| 942 | _n0 | ||
| 999 |
_c83387 _d83387 |
||